000
00258nam a2200109Ia 4500
008
230320s9999||||xx |||||||||||||| ||spa||
082
_a
540.83/N36
100
_a
Negro Fernandez, A
245
0
_a
Quimica Practica Basica
260
_b
ALHAMBRA
942
_8
0
_c
LIB
999
_c
29540
_d
29540